Jidu tu di xin yang yu sheng huo.

Saved in:
Bibliographic Details
Main Author: He, Shiming.
Format: Book
Language:Chinese
Published: Xianggang Jiulong : Jidu jiao wen yi, 1986.
Edition:3 ban.
Series:Shiming wen ji ; 9.
Subjects:
Tags: Add Tag
No Tags, Be the first to tag this record!
LEADER 00879cam a2200289Ki 4500
001 007799072-2
005 20090507162331.0
008 980526s1986 cc 000 0 chi d
035 0 |a ocm39178782 
040 |a YNH  |c YNH  |d OCLCQ  |d UTO 
100 1 |6 880-01  |a He, Shiming. 
245 1 0 |6 880-02  |a Jidu tu di xin yang yu sheng huo. 
250 |6 880-03  |a 3 ban. 
260 |6 880-04  |a Xianggang Jiulong :  |b Jidu jiao wen yi,  |c 1986. 
300 |a 252 p. ;  |c 19 cm. 
490 1 |6 880-05  |a Shiming wen ji ;  |v 9 
650 0 |a Christian life. 
880 1 |6 100-01  |a 何世明. 
880 1 0 |6 245-02  |a 基督徒的信仰与生活. 
880 |6 250-03  |a 3版. 
880 |6 260-04  |a 香港九龍 :  |b 基督教文藝,  |c 1986. 
880 1 |6 490-05  |a 世明文集 ;  |v 9 
830 0 |6 880-55  |a Shiming wen ji ;  |v 9. 
880 0 |6 830-55  |a 世明文集 ;  |v 9. 
988 |a 20021121 
049 |a HMYY 
906 |0 MH